Samajik addhyan shikshan: ek prayog (Record no. 1390006)

MARC details
000 -LEADER
fixed length control field 00538nam a2200217Ia 4500
005 - DATE AND TIME OF LATEST TRANSACTION
control field 20250508164606.0
008 - FIXED-LENGTH DATA ELEMENTS--GENERAL INFORMATION
fixed length control field 008 250505s9999 xx 000 0 hin d
037 ## - SOURCE OF ACQUISITION
Stock number Textual
040 ## - CATALOGING SOURCE
Original cataloging agency FEDL
Language of cataloging eng
Transcribing agency FEDL
041 ## - LANGUAGE CODE
Language code of text/sound track or separate title hin
Source of code eng
084 ## - COLON CLASSIFICATION NUMBER
Classification number 300.7, EKL
Assigning agency FEDL
100 ## - MAIN ENTRY--PERSONAL NAME
Personal name Eklavya
9 (RLIN) 560472
245 #0 - TITLE STATEMENT
Title Samajik addhyan shikshan: ek prayog
245 #0 - TITLE STATEMENT
Statement of responsibility, etc. EKLAVYA
260 ## - PUBLICATION, DISTRIBUTION, ETC.
Date of publication, distribution, etc. 1994
300 ## - PHYSICAL DESCRIPTION
Extent 46p.
365 ## - TRADE PRICE
Price type code INR
Price amount 5
546 ## - LANGUAGE NOTE
Language note MACESE books
942 ## - ADDED ENTRY ELEMENTS (KOHA)
Koha item type Textual
Classification part 300.7, EKL
Holdings
Withdrawn status Lost status Damaged status Not for loan Home library Current library Date acquired Cost, normal purchase price Total Checkouts Full call number Barcode Date last seen Price effective from Koha item type
        Department of Education Library Department of Education Library 2025-05-08 5.00   300.7, EKL EL0083632 2025-05-08 2025-05-08 Textual
Copyright @ Delhi University Library System